Regional (Record no. 78118)

MARC details
000 -LEADER
fixed length control field 00739cab a2200193 4500
001 - CONTROL NUMBER
control field L136061
008 - FIXED-LENGTH DATA ELEMENTS--GENERAL INFORMATION
fixed length control field 070108n2007 000 0 eng u
035 ## - SYSTEM CONTROL NUMBER
System control number (Sirsi) u136061
041 0# - LANGUAGE CODE
Language code of text/sound track or separate title eng
100 1# - MAIN ENTRY--PERSONAL NAME
Personal name McAllister, Sean
245 00 - TITLE STATEMENT
Title Regional
Remainder of title Channel Islands
260 ## - PUBLICATION, DISTRIBUTION, ETC.
Date of publication, distribution, etc. 2007
490 #0 - SERIES STATEMENT
Series statement Property Week
Volume/sequential designation 72(1) 5 January 2007 61-70(6)
520 ## - SUMMARY, ETC.
Summary, etc. Discusses a local developers plans for a supermarket on Jersey. Plans for the developments of a chain of artifical islands meets protest from Guernsey residents. Questions whether St Helier's capital support can demand support for office space.
590 ## - LOCAL NOTE (RLIN)
Local note KA
651 #4 - SUBJECT ADDED ENTRY--GEOGRAPHIC NAME
Geographic name CHANNEL ISLANDS
690 ## - LOCAL SUBJECT ADDED ENTRY--TOPICAL TERM (OCLC, RLIN)
Topical term or geographic name as entry element PROPERTY-COMMERCIAL PROPERTY-COMMERCIAL PROPERTY MARKET
942 ## - ADDED ENTRY ELEMENTS (KOHA)
Suppress in OPAC 0
Holdings
Withdrawn status Lost status Source of classification or shelving scheme Damaged status Not for loan Home library Current library Shelving location Date acquired Total Checkouts Full call number Barcode Date last seen Copy number Price effective from Koha item type
    Dewey Decimal Classification     London London Journal article 08/01/2007   L136061 136061-1001 06/08/2019 1 06/08/2019 Journal article